00231nam a2200073Ia 4500008004100000082000800041100001700049245009100066240331s9999 xx 000 0 und d bBEY aOxaal, I. ed 0aBeyond the sociology of development :beconomy and society in Latin America and Africa